000 01041nam a2200253Ia 4500
001 21616
005 20260422161538.0
008 260320s9999||||xx |||||||||||||| ||und||
020 _a9589042724
041 _aESP
082 _a658.403
_bF93
100 _aFuld, Leonard, M.,
_eAUT
245 0 _aInteligencia comercial :
_btécnicas para analizar la competencia
250 _aPrimera reimpresión
260 _aBogotá :
_bLegis Editores,
_c1990
300 _axi, 210 páginas :
_c23 cm.
650 _aTCA
653 _aAdministración; Gerencia ejecutiva; Toma de decisiones
654 _aCAN
700 _aVillamizar Herrera, Jesús,
_cTRA
856 _uhttps://0u213xits-y-https-ebooks7--24-com.itmsp.museknowledge.com/visorBook.aspx?i=10289&t=6FD85C47-1F1C-4E7B-944A-A54F68AA76CC
_zVéase además: Investigación de mercados, por Naresh Malhotra. Versión digital
856 _uhttps://itmsp.museknowledge.com/UCSP?groupID=2&action=source&sourceID=eBooks724
_zVéase además: Base de datos Ebook7-24
942 _cSEP
_dJUS
_fTRC
_2ddc
999 _c21616
_d21616